Work placements - a survival guide for students. / (Record no. 983)

MARC details
000 -LEADER
fixed length control field 01094nam a22001937a 4500
008 - FIXED-LENGTH DATA ELEMENTS--GENERAL INFORMATION
fixed length control field 120529t xxu||||| |||| 00| 0 eng d
020 ## - INTERNATIONAL STANDARD BOOK NUMBER
International Standard Book Number 1403934347
050 ## - LIBRARY OF CONGRESS CALL NUMBER
Classification number HF5549.F681
100 ## - MAIN ENTRY--PERSONAL NAME
Personal name Fanthome, Christine
245 ## - TITLE STATEMENT
Title Work placements - a survival guide for students. /
Statement of responsibility, etc. Christine, Fanthome
260 ## - PUBLICATION, DISTRIBUTION, ETC.
Place of publication, distribution, etc. New York:
Name of publisher, distributor, etc. Palgrave- Macmillan,
Date of publication, distribution, etc. 2004.
300 ## - PHYSICAL DESCRIPTION
Extent xi, 146 p:
Other physical details ill.;
Dimensions 21cm.
500 ## - GENERAL NOTE
General note Includes index.
505 ## - FORMATTED CONTENTS NOTE
Formatted contents note Contents: Why do a work placement? -- Getting started -- Applying for a placement -- Interview success -- Getting the most out of your placement -- Common problems facing students -- Understanding employers' and tutors perspectives -- Successes - case studies -- Disappointments - case studies -- Written and Oral assignments -- From work placement to employment -- Appendix 1: Employability skills sought by employers -- Appendix 2: An Employers' guide to making the most of student.
650 ## - SUBJECT ADDED ENTRY--TOPICAL TERM
Topical term or geographic name entry element Vocational education
General subdivision Great Britain.
650 ## - SUBJECT ADDED ENTRY--TOPICAL TERM
Topical term or geographic name entry element Internship programs
General subdivision Great Britain.
650 ## - SUBJECT ADDED ENTRY--TOPICAL TERM
Topical term or geographic name entry element Job hunting
General subdivision Great Britain
942 ## - ADDED ENTRY ELEMENTS (KOHA)
Source of classification or shelving scheme Library of Congress Classification
Koha item type Books
Holdings
Withdrawn status Lost status Source of classification or shelving scheme Damaged status Not for loan Home library Current library Shelving location Date acquired Total Checkouts Full call number Barcode Date last seen Copy number Price effective from Koha item type
    Library of Congress Classification     WISCONSIN INTERNATIONAL UNIVERSITY COLLEGE, GHANA - MAIN LIBRARY WISCONSIN INTERNATIONAL UNIVERSITY COLLEGE, GHANA - MAIN LIBRARY General Stacks 29/05/2012   HF5549.F681 2633/12 29/05/2012 1 29/05/2012 Books

If you have any concerns or questions; kindly contact the library


© Powered by WIUC ICT DIRECTORATE